El estanque de los lotos
Sparad:
| Huvudupphovsman: | |
|---|---|
| Materialtyp: | Bok |
| Språk: | Undetermined |
| Publicerad: |
Madrid, España
Biblioteca Nueva
1921
|
| Ämnen: | |
| Taggar: |
Lägg till en tagg
Inga taggar, Lägg till första taggen!
|
MARC
| LEADER | 00000nam a2200000Ia 4500 | ||
|---|---|---|---|
| 008 | 170316s9999 xx 000 0 und d | ||
| 040 | |a cru BVZT | ||
| 090 | |a 860 N-6es | ||
| 100 | |a Nervo, Amado | ||
| 245 | |a El estanque de los lotos | ||
| 260 | |a Madrid, España | ||
| 260 | |b Biblioteca Nueva | ||
| 260 | |c 1921 | ||
| 300 | |a 237 páginas | ||
| 650 | |a LITERATURA LATINOAMERICANA | ||
| 999 | |c 9022 |d 9022 | ||
| 942 | |c 15 D |h 860 N-6es |2 z | ||
